000
00229nam a22001097a 4500
082
_a
808.3 PRE'H
100
_a
PREBBLE, JOHN
_9
79410
245
_a
THE HIGH GIRDERS
260
_a
LONDON
_b
PAN
_c
1956
300
_a
188P
942
_c
BK
999
_c
584454
_d
584454